000 00329nam a2200121Ia 4500
008 230524s9999 xx 000 0 und d
100 _a"A.Smaili, F.Mrad"
245 0 _aMechatronics : Integrated Technologies for Intelligent Machines
260 _bOxford
500 _aQuantity Number: 10
650 _aElectrical
942 _cBK
999 _c50320
_d50320